000 00375pab a2200145 454500
008 180718b1988 xxu||||| |||| 00| 0 eng d
100 _aBook, Sven Ake
245 _aCo - Operative developmentand co - operative values
260 _c1988
300 _a61-70
362 _aJune
650 _aCo - Operation
773 _aReview of International Co - Operation
909 _a6634
999 _c6634
_d6634